Region V (Bicol Region) Provinces of Philippines - Statistics

General Stats
  • This quiz has been taken 374 times
  • The average score is 5 of 6
Answer Stats
Province % Correct
Albay
97%
Camarines Sur
96%
Camarines Norte
95%
Sorsogon
91%
Masbate
84%
Catanduanes
82%
No matching quizzes found
Score Distribution
Percent of People with Each Score
Percentile by Number Answered
Your Score History
You have not taken this quiz